[Event "ODJM C 2024"]
[Site "Willingen GER"]
[Date "2024.05.23"]
[Round "7"]
[White "Margaryan, Mari"]
[Black "Fischer, John"]
[Result "1/2-1/2"]
[Termination "normal"]
[Board "6"]
[WhiteElo "1070"]
[BlackElo "1614"]
[WhiteClock "00:20:23"]
[BlackClock "00:42:54"]
[PlyCount "83"]
[WhiteFideId "16279700"]
[BlackFideId "16268679"]
[EventCountry "GER"]
[EventRounds "9"]
[EventType "swiss"]
[EventDate "2024.05.18"]

1. d4 {[%clk 01:30:56]} {[%emt 00:00:04]} d5 {[%clk 01:30:52]} {[%emt
00:00:09]} 2. c4 {[%clk 01:31:21]} {[%emt 00:00:06]} c6 {[%clk 01:31:02]}
{[%emt 00:00:19]} 3. cxd5 {[%clk 01:31:45]} {[%emt 00:00:06]} cxd5 {[%clk
01:31:19]} {[%emt 00:00:13]} 4. Nc3 {[%clk 01:32:06]} {[%emt 00:00:09]} Bf5
{[%clk 01:31:00]} {[%emt 00:00:48]} 5. Nf3 {[%clk 01:32:04]} {[%emt 00:00:32]}
e6 {[%clk 01:31:05]} {[%emt 00:00:26]} 6. e3 {[%clk 01:32:05]} {[%emt
00:00:29]} Nf6 {[%clk 01:31:12]} {[%emt 00:00:23]} 7. Ne5 {[%clk 01:32:14]}
{[%emt 00:00:21]} Bd6 {[%clk 01:29:49]} {[%emt 00:01:53]} 8. g4 {[%clk
01:29:47]} {[%emt 00:02:56]} Be4 {[%clk 01:26:59]} {[%emt 00:03:20]} 9. f3
{[%clk 01:29:39]} {[%emt 00:00:38]} Bg6 {[%clk 01:21:45]} {[%emt 00:05:45]} 10.
h4 {[%clk 01:29:33]} {[%emt 00:00:36]} h6 {[%clk 01:20:59]} {[%emt 00:01:16]}
11. Nxg6 {[%clk 01:29:22]} {[%emt 00:00:40]} fxg6 {[%clk 01:21:17]} {[%emt
00:00:13]} 12. Bd3 {[%clk 01:29:23]} {[%emt 00:00:28]} Bg3+ {[%clk 01:20:11]}
{[%emt 00:01:37]} 13. Kf1 {[%clk 01:27:31]} {[%emt 00:02:21]} O-O {[%clk
01:19:06]} {[%emt 00:01:36]} 14. Bxg6 {[%clk 01:27:11]} {[%emt 00:00:50]} Nxg4
{[%clk 01:18:17]} {[%emt 00:01:19]} 15. Kg2 {[%clk 01:26:01]} {[%emt 00:01:40]}
Nf2 {[%clk 01:17:55]} {[%emt 00:00:53]} 16. Qf1 {[%clk 01:24:29]} {[%emt
00:02:01]} Qf6 {[%clk 01:12:32]} {[%emt 00:05:52]} 17. f4 {[%clk 01:11:26]}
{[%emt 00:13:33]} Nxh1 {[%clk 01:09:04]} {[%emt 00:03:59]} 18. h5 {[%clk
01:05:17]} {[%emt 00:06:39]} Qh4 {[%clk 01:02:55]} {[%emt 00:06:39]} 19. Qxh1
{[%clk 01:04:32]} {[%emt 00:01:14]} Qg4 {[%clk 01:01:53]} {[%emt 00:01:33]} 20.
Qh3 {[%clk 01:00:56]} {[%emt 00:04:05]} Qxh3+ {[%clk 01:01:22]} {[%emt
00:01:01]} 21. Kxh3 {[%clk 01:01:19]} {[%emt 00:00:07]} Be1 {[%clk 01:01:43]}
{[%emt 00:00:09]} 22. Nb5 {[%clk 00:58:23]} {[%emt 00:03:27]} Na6 {[%clk
01:01:53]} {[%emt 00:00:20]} 23. Nd6 {[%clk 00:56:43]} {[%emt 00:02:09]} b6
{[%clk 01:01:34]} {[%emt 00:00:49]} 24. a3 {[%clk 00:50:44]} {[%emt 00:06:29]}
Rfd8 {[%clk 01:01:02]} {[%emt 00:01:01]} 25. Nf7 {[%clk 00:50:05]} {[%emt
00:01:08]} Rd7 {[%clk 01:00:19]} {[%emt 00:01:16]} 26. Ne5 {[%clk 00:49:46]}
{[%emt 00:00:48]} Rc7 {[%clk 01:00:33]} {[%emt 00:00:17]} 27. Nd3 {[%clk
00:49:12]} {[%emt 00:01:03]} Rac8 {[%clk 00:54:27]} {[%emt 00:06:37]} 28. f5
{[%clk 00:47:50]} {[%emt 00:01:51]} Rc2 {[%clk 00:52:11]} {[%emt 00:02:46]} 29.
fxe6 {[%clk 00:47:09]} {[%emt 00:01:12]} Kf8 {[%clk 00:52:19]} {[%emt
00:00:21]} 30. Bf5 {[%clk 00:42:12]} {[%emt 00:05:25]} Ke7 {[%clk 00:50:30]}
{[%emt 00:02:21]} 31. e4 {[%clk 00:36:26]} {[%emt 00:06:17]} dxe4 {[%clk
00:49:10]} {[%emt 00:01:50]} 32. Bxe4 {[%clk 00:36:45]} {[%emt 00:00:10]} Re2
{[%clk 00:48:58]} {[%emt 00:00:42]} 33. Bb7 {[%clk 00:30:02]} {[%emt 00:07:13]}
Rcc2 {[%clk 00:49:14]} {[%emt 00:00:15]} 34. Nxe1 {[%clk 00:30:04]} {[%emt
00:00:28]} Rxe1 {[%clk 00:49:34]} {[%emt 00:00:10]} 35. Bg5+ {[%clk 00:30:25]}
{[%emt 00:00:08]} hxg5 {[%clk 00:49:43]} {[%emt 00:00:21]} 36. Rxe1 {[%clk
00:30:45]} {[%emt 00:00:10]} Nc7 {[%clk 00:49:40]} {[%emt 00:00:34]} 37. d5
{[%clk 00:30:00]} {[%emt 00:01:15]} Rd2 {[%clk 00:49:58]} {[%emt 00:00:12]} 38.
Re5 {[%clk 00:26:38]} {[%emt 00:03:51]} Kf6 {[%clk 00:45:00]} {[%emt 00:05:28]}
39. Re3 {[%clk 00:26:14]} {[%emt 00:00:54]} Ke7 {[%clk 00:44:11]} {[%emt
00:01:20]} 40. Re5 {[%clk 00:21:37]} {[%emt 00:05:06]} Kf6 {[%clk 00:43:33]}
{[%emt 00:01:08]} 41. Re3 {[%clk 00:20:23]} {[%emt 00:01:45]} Ke7 {[%clk
00:42:54]} {[%emt 00:01:09]} 42. Re5 {[%emt 00:12:57]} 1/2-1/2

[Event "ODJM C 2024"]
[Site "Willingen GER"]
[Date "2024.05.23"]
[Round "7"]
[White "Trenkelbach, Silas"]
[Black "Döscher, Rasmus"]
[Result "1-0"]
[Termination "normal"]
[Board "7"]
[WhiteElo "1265"]
[BlackElo "1503"]
[WhiteClock "01:04:10"]
[BlackClock "00:49:09"]
[PlyCount "59"]
[WhiteFideId "34621237"]
[BlackFideId "34625038"]
[EventCountry "GER"]
[EventRounds "9"]
[EventType "swiss"]
[EventDate "2024.05.18"]

1. e4 {[%clk 01:30:57]} {[%emt 00:00:02]} e5 {[%clk 01:30:51]} {[%emt
00:00:09]} 2. Nf3 {[%clk 01:31:22]} {[%emt 00:00:05]} Nc6 {[%clk 01:31:00]}
{[%emt 00:00:21]} 3. Bc4 {[%clk 01:31:45]} {[%emt 00:00:08]} Bc5 {[%clk
01:31:07]} {[%emt 00:00:22]} 4. c3 {[%clk 01:32:09]} {[%emt 00:00:07]} Nf6
{[%clk 01:30:55]} {[%emt 00:00:41]} 5. d4 {[%clk 01:32:26]} {[%emt 00:00:13]}
exd4 {[%clk 01:29:10]} {[%emt 00:02:15]} 6. cxd4 {[%clk 01:32:48]} {[%emt
00:00:09]} Bb4+ {[%clk 01:28:16]} {[%emt 00:01:23]} 7. Nc3 {[%clk 01:32:43]}
{[%emt 00:00:35]} Nxe4 {[%clk 01:21:18]} {[%emt 00:07:29]} 8. O-O {[%clk
01:29:57]} {[%emt 00:03:16]} Bxc3 {[%clk 01:18:27]} {[%emt 00:03:21]} 9. d5
{[%clk 01:30:02]} {[%emt 00:00:24]} Na5 {[%clk 01:12:02]} {[%emt 00:06:56]} 10.
bxc3 {[%clk 01:24:31]} {[%emt 00:06:01]} Nxc4 {[%clk 01:10:39]} {[%emt
00:01:53]} 11. Qd4 {[%clk 01:24:51]} {[%emt 00:00:09]} Ncd6 {[%clk 01:09:32]}
{[%emt 00:01:38]} 12. Qxg7 {[%clk 01:24:30]} {[%emt 00:00:50]} Qf6 {[%clk
01:09:16]} {[%emt 00:00:47]} 13. Qxf6 {[%clk 01:24:28]} {[%emt 00:00:31]} Nxf6
{[%clk 01:09:38]} {[%emt 00:00:09]} 14. Re1+ {[%clk 01:24:36]} {[%emt
00:00:20]} Kd8 {[%clk 01:06:17]} {[%emt 00:03:52]} 15. Bg5 {[%clk 01:24:11]}
{[%emt 00:00:56]} Nde8 {[%clk 01:06:03]} {[%emt 00:00:43]} 16. Ne5 {[%clk
01:23:15]} {[%emt 00:01:26]} c6 {[%clk 00:57:29]} {[%emt 00:09:04]} 17. Nxf7+
{[%clk 01:22:18]} {[%emt 00:01:26]} Kc7 {[%clk 00:57:46]} {[%emt 00:00:14]} 18.
Nxh8 {[%clk 01:22:08]} {[%emt 00:00:39]} b6 {[%clk 00:57:11]} {[%emt 00:01:07]}
19. dxc6 {[%clk 01:21:31]} {[%emt 00:01:06]} Kxc6 {[%clk 00:56:50]} {[%emt
00:00:51]} 20. Nf7 {[%clk 01:19:38]} {[%emt 00:02:22]} Ba6 {[%clk 00:56:30]}
{[%emt 00:00:51]} 21. Bxf6 {[%clk 01:18:43]} {[%emt 00:01:25]} Nxf6 {[%clk
00:56:29]} {[%emt 00:00:31]} 22. Ne5+ {[%clk 01:18:04]} {[%emt 00:01:10]} Kc7
{[%clk 00:56:39]} {[%emt 00:00:19]} 23. Nf3 {[%clk 01:18:05]} {[%emt 00:00:28]}
Rg8 {[%clk 00:56:37]} {[%emt 00:00:33]} 24. Nd4 {[%clk 01:12:22]} {[%emt
00:06:12]} Bb7 {[%clk 00:55:07]} {[%emt 00:02:01]} 25. g3 {[%clk 01:12:18]}
{[%emt 00:00:34]} h5 {[%clk 00:54:02]} {[%emt 00:01:36]} 26. h4 {[%clk
01:12:00]} {[%emt 00:00:47]} Rf8 {[%clk 00:53:00]} {[%emt 00:01:32]} 27. Re2
{[%clk 01:09:09]} {[%emt 00:03:20]} Ne4 {[%clk 00:52:08]} {[%emt 00:01:23]} 28.
Rae1 {[%clk 01:04:26]} {[%emt 00:05:08]} Nxc3 {[%clk 00:51:27]} {[%emt
00:01:15]} 29. Rc2 {[%clk 01:04:18]} {[%emt 00:00:38]} Kb8 {[%clk 00:49:09]}
{[%emt 00:02:49]} 30. Rxc3 {[%clk 01:04:10]} {[%emt 00:00:38]} 1-0

[Event "ODJM C 2024"]
[Site "Willingen GER"]
[Date "2024.05.23"]
[Round "7"]
[White "Weibrecht, Theo"]
[Black "Knaudt, Anna"]
[Result "1-0"]
[Termination "normal"]
[Board "9"]
[WhiteElo "1596"]
[BlackElo "1330"]
[WhiteClock "00:46:36"]
[BlackClock "00:11:30"]
[PlyCount "111"]
[WhiteFideId "34660240"]
[BlackFideId "533001910"]
[EventCountry "GER"]
[EventRounds "9"]
[EventType "swiss"]
[EventDate "2024.05.18"]

1. e4 {[%clk 01:30:59]} {[%emt 00:00:02]} e5 {[%clk 01:30:55]} {[%emt
00:00:05]} 2. Nf3 {[%clk 01:31:26]} {[%emt 00:00:04]} Nc6 {[%clk 01:31:20]}
{[%emt 00:00:05]} 3. Bc4 {[%clk 01:31:52]} {[%emt 00:00:03]} Nf6 {[%clk
01:31:41]} {[%emt 00:00:09]} 4. d4 {[%clk 01:32:04]} {[%emt 00:00:18]} exd4
{[%clk 01:21:28]} {[%emt 00:10:42]} 5. O-O {[%clk 01:31:44]} {[%emt 00:00:51]}
d6 {[%clk 01:07:29]} {[%emt 00:14:29]} 6. Nxd4 {[%clk 01:29:17]} {[%emt
00:02:57]} Nxd4 {[%clk 01:07:10]} {[%emt 00:00:49]} 7. Qxd4 {[%clk 01:29:20]}
{[%emt 00:00:27]} Be7 {[%clk 01:05:05]} {[%emt 00:02:35]} 8. Nc3 {[%clk
01:29:12]} {[%emt 00:00:39]} O-O {[%clk 01:04:50]} {[%emt 00:00:44]} 9. Bg5
{[%clk 01:25:08]} {[%emt 00:04:32]} h6 {[%clk 01:05:08]} {[%emt 00:00:14]} 10.
Bh4 {[%clk 01:24:43]} {[%emt 00:00:55]} c5 {[%clk 00:58:55]} {[%emt 00:06:43]}
11. Qd3 {[%clk 01:24:32]} {[%emt 00:00:41]} Be6 {[%clk 00:48:06]} {[%emt
00:11:19]} 12. Bxe6 {[%clk 01:23:04]} {[%emt 00:01:58]} fxe6 {[%clk 00:48:28]}
{[%emt 00:00:08]} 13. Rfe1 {[%clk 01:21:06]} {[%emt 00:02:28]} Ng4 {[%clk
00:43:55]} {[%emt 00:05:03]} 14. Bxe7 {[%clk 01:19:50]} {[%emt 00:01:46]} Qxe7
{[%clk 00:44:15]} {[%emt 00:00:10]} 15. Re2 {[%clk 01:18:34]} {[%emt 00:01:46]}
Qh4 {[%clk 00:39:44]} {[%emt 00:05:00]} 16. Qg3 {[%clk 01:15:50]} {[%emt
00:03:13]} Qxg3 {[%clk 00:39:49]} {[%emt 00:00:27]} 17. hxg3 {[%clk 01:15:50]}
{[%emt 00:00:29]} Rad8 {[%clk 00:36:25]} {[%emt 00:03:55]} 18. Rd1 {[%clk
01:14:26]} {[%emt 00:01:54]} a6 {[%clk 00:35:28]} {[%emt 00:01:27]} 19. Red2
{[%clk 01:11:25]} {[%emt 00:03:31]} b5 {[%clk 00:31:47]} {[%emt 00:04:11]} 20.
f3 {[%clk 01:10:56]} {[%emt 00:00:58]} Ne5 {[%clk 00:31:33]} {[%emt 00:00:44]}
21. Rxd6 {[%clk 01:09:07]} {[%emt 00:02:19]} Rxd6 {[%clk 00:31:52]} {[%emt
00:00:12]} 22. Rxd6 {[%clk 01:09:25]} {[%emt 00:00:12]} Nc4 {[%clk 00:30:39]}
{[%emt 00:01:42]} 23. Rxa6 {[%clk 01:09:10]} {[%emt 00:00:46]} Rd8 {[%clk
00:28:37]} {[%emt 00:02:32]} 24. Rxe6 {[%clk 01:06:33]} {[%emt 00:03:07]} Rd2
{[%clk 00:27:48]} {[%emt 00:01:18]} 25. Nd5 {[%clk 00:55:52]} {[%emt 00:11:09]}
Rd1+ {[%clk 00:27:52]} {[%emt 00:00:28]} 26. Kh2 {[%clk 00:55:08]} {[%emt
00:01:15]} Nd2 {[%clk 00:21:57]} {[%emt 00:06:25]} 27. b3 {[%clk 00:46:27]}
{[%emt 00:09:11]} h5 {[%clk 00:20:17]} {[%emt 00:02:09]} 28. Rg6 {[%clk
00:34:21]} {[%emt 00:12:36]} Nf1+ {[%clk 00:19:33]} {[%emt 00:01:15]} 29. Kh3
{[%clk 00:33:45]} {[%emt 00:01:06]} Ne3 {[%clk 00:18:39]} {[%emt 00:01:24]} 30.
Kh4 {[%clk 00:32:50]} {[%emt 00:01:20]} Nxd5 {[%clk 00:17:04]} {[%emt
00:02:09]} 31. exd5 {[%clk 00:32:50]} {[%emt 00:00:30]} Rxd5 {[%clk 00:17:28]}
{[%emt 00:00:06]} 32. Rg5 {[%clk 00:30:32]} {[%emt 00:02:32]} Rd2 {[%clk
00:15:53]} {[%emt 00:02:22]} 33. Rxc5 {[%clk 00:30:28]} {[%emt 00:00:33]} Rxg2
{[%clk 00:15:24]} {[%emt 00:00:59]} 34. Rxb5 {[%clk 00:29:54]} {[%emt
00:01:04]} g6 {[%clk 00:14:54]} {[%emt 00:01:00]} 35. Kh3 {[%clk 00:28:39]}
{[%emt 00:01:42]} Rxc2 {[%clk 00:15:00]} {[%emt 00:00:27]} 36. a4 {[%clk
00:28:48]} {[%emt 00:00:21]} Rc1 {[%clk 00:13:46]} {[%emt 00:01:44]} 37. a5
{[%clk 00:28:41]} {[%emt 00:00:37]} Ra1 {[%clk 00:13:24]} {[%emt 00:00:52]} 38.
b4 {[%clk 00:27:54]} {[%emt 00:01:17]} Kg7 {[%clk 00:11:24]} {[%emt 00:02:30]}
39. Rb6 {[%clk 00:27:17]} {[%emt 00:01:07]} Ra3 {[%clk 00:10:03]} {[%emt
00:01:51]} 40. a6 {[%clk 00:26:18]} {[%emt 00:01:30]} Kh6 {[%clk 00:08:25]}
{[%emt 00:02:08]} 41. Kg2 {[%clk 00:24:26]} {[%emt 00:02:20]} Ra2+ {[%clk
00:08:10]} {[%emt 00:00:47]} 42. Kf1 {[%clk 00:24:39]} {[%emt 00:00:16]} Kg5
{[%clk 00:06:53]} {[%emt 00:01:47]} 43. b5 {[%clk 00:23:11]} {[%emt 00:01:58]}
Kf5 {[%clk 00:00:38]} {[%emt 00:06:45]} 44. Rb7 {[%clk 00:21:33]} {[%emt
00:02:07]} Ke5 {[%clk 00:27:13]} {[%emt 00:03:55]} 45. a7 {[%clk 00:49:55]}
{[%emt 00:02:10]} Kd4 {[%clk 00:24:45]} {[%emt 00:02:57]} 46. b6 {[%clk
00:48:24]} {[%emt 00:02:01]} Ke3 {[%clk 00:22:59]} {[%emt 00:02:16]} 47. Re7+
{[%clk 00:48:21]} {[%emt 00:00:32]} Kxf3 {[%clk 00:23:12]} {[%emt 00:00:18]}
48. Rf7+ {[%clk 00:48:35]} {[%emt 00:00:15]} Ke3 {[%clk 00:20:17]} {[%emt
00:03:26]} 49. b7 {[%clk 00:46:55]} {[%emt 00:02:10]} Ra1+ {[%clk 00:18:50]}
{[%emt 00:01:57]} 50. Kg2 {[%clk 00:46:57]} {[%emt 00:00:27]} Ra2+ {[%clk
00:16:13]} {[%emt 00:03:08]} 51. Kh3 {[%clk 00:46:57]} {[%emt 00:00:29]} Rxa7
{[%clk 00:10:38]} {[%emt 00:06:07]} 52. b8=Q {[%clk 00:46:45]} {[%emt
00:00:18]} Rxf7 {[%clk 00:10:56]} {[%emt 00:00:35]} 53. Qe8+ {[%clk 00:47:06]}
{[%emt 00:00:08]} Kf2 {[%clk 00:11:03]} {[%emt 00:00:24]} 54. Qxf7+ {[%clk
00:47:21]} {[%emt 00:00:15]} Kg1 {[%clk 00:11:25]} {[%emt 00:00:08]} 55. Qf3
{[%clk 00:46:36]} {[%emt 00:01:10]} h4 {[%clk 00:11:30]} {[%emt 00:00:30]} 56.
Qg2# {[%emt 00:01:14]} 1-0

[Event "ODJM C 2024"]
[Site "Willingen GER"]
[Date "2024.05.23"]
[Round "7"]
[White "Claussen, Daniela"]
[Black "Hellmann, Alexander"]
[Result "0-1"]
[Termination "normal"]
[Board "10"]
[WhiteElo "1436"]
[BlackElo "1524"]
[WhiteClock "01:11:57"]
[BlackClock "01:11:45"]
[PlyCount "46"]
[WhiteFideId "16248929"]
[BlackFideId "34612050"]
[EventCountry "GER"]
[EventRounds "9"]
[EventType "swiss"]
[EventDate "2024.05.18"]

1. b3 {[%clk 01:30:58]} {[%emt 00:00:02]} e5 {[%clk 01:30:52]} {[%emt
00:00:08]} 2. e3 {[%clk 01:31:18]} {[%emt 00:00:11]} d5 {[%clk 01:30:45]}
{[%emt 00:00:37]} 3. Bb2 {[%clk 01:31:33]} {[%emt 00:00:15]} Nc6 {[%clk
01:31:00]} {[%emt 00:00:15]} 4. Bb5 {[%clk 01:31:52]} {[%emt 00:00:10]} Nge7
{[%clk 01:31:17]} {[%emt 00:00:14]} 5. Bxe5 {[%clk 01:31:59]} {[%emt 00:00:23]}
a6 {[%clk 01:31:42]} {[%emt 00:00:06]} 6. Bxc6+ {[%clk 01:32:20]} {[%emt
00:00:08]} Nxc6 {[%clk 01:31:55]} {[%emt 00:00:16]} 7. Bb2 {[%clk 01:32:41]}
{[%emt 00:00:10]} Qg5 {[%clk 01:32:18]} {[%emt 00:00:06]} 8. Qf3 {[%clk
01:31:00]} {[%emt 00:02:11]} Bg4 {[%clk 01:32:40]} {[%emt 00:00:09]} 9. Qg3
{[%clk 01:30:59]} {[%emt 00:00:30]} Bd6 {[%clk 01:33:04]} {[%emt 00:00:06]} 10.
f4 {[%clk 01:31:13]} {[%emt 00:00:16]} Qf5 {[%clk 01:33:24]} {[%emt 00:00:11]}
11. d3 {[%clk 01:25:51]} {[%emt 00:05:52]} O-O-O {[%clk 01:32:27]} {[%emt
00:01:26]} 12. h3 {[%clk 01:24:32]} {[%emt 00:01:49]} Bh5 {[%clk 01:30:31]}
{[%emt 00:02:26]} 13. Nf3 {[%clk 01:23:13]} {[%emt 00:01:49]} Bxf3 {[%clk
01:29:06]} {[%emt 00:01:56]} 14. Qxf3 {[%clk 01:22:37]} {[%emt 00:01:05]} Rde8
{[%clk 01:28:44]} {[%emt 00:00:52]} 15. O-O {[%clk 01:22:12]} {[%emt 00:00:56]}
Bc5 {[%clk 01:24:04]} {[%emt 00:05:09]} 16. Re1 {[%clk 01:21:21]} {[%emt
00:01:22]} Nb4 {[%clk 01:19:57]} {[%emt 00:04:36]} 17. Re2 {[%clk 01:18:00]}
{[%emt 00:03:52]} Nxc2 {[%clk 01:18:51]} {[%emt 00:01:36]} 18. Rxc2 {[%clk
01:18:18]} {[%emt 00:00:12]} Rxe3 {[%clk 01:19:08]} {[%emt 00:00:13]} 19. Rxc5
{[%clk 01:14:20]} {[%emt 00:04:28]} Rxf3 {[%clk 01:18:19]} {[%emt 00:01:18]}
20. gxf3 {[%clk 01:14:34]} {[%emt 00:00:16]} Qxd3 {[%clk 01:15:29]} {[%emt
00:03:20]} 21. Rc3 {[%clk 01:11:58]} {[%emt 00:03:07]} Qd1+ {[%clk 01:12:51]}
{[%emt 00:03:08]} 22. Kf2 {[%clk 01:11:59]} {[%emt 00:00:29]} Re8 {[%emt
00:02:12]} 23. Re3 {[%clk 01:11:57]} Qc2+ {[%clk 01:11:45]} {[%emt 00:00:25]}
0-1

[Event "ODJM C 2024"]
[Site "Willingen GER"]
[Date "2024.05.23"]
[Round "7"]
[White "Rose, Elias Bernd"]
[Black "Savchuk, Andrej"]
[Result "1-0"]
[Termination "normal"]
[Board "11"]
[WhiteElo "1292"]
[BlackElo "1576"]
[WhiteClock "00:11:49"]
[BlackClock "00:51:10"]
[PlyCount "62"]
[WhiteFideId "34665730"]
[BlackFideId "34621180"]
[EventCountry "GER"]
[EventRounds "9"]
[EventType "swiss"]
[EventDate "2024.05.18"]

1. e4 {[%clk 01:30:52]} {[%emt 00:00:07]} e5 {[%clk 01:30:54]} {[%emt
00:00:07]} 2. Nf3 {[%clk 01:31:16]} {[%emt 00:00:05]} Nc6 {[%clk 01:29:29]}
{[%emt 00:01:56]} 3. Bc4 {[%clk 01:31:28]} {[%emt 00:00:18]} Nf6 {[%clk
01:29:52]} {[%emt 00:00:08]} 4. d3 {[%clk 01:31:00]} {[%emt 00:00:57]} Bc5
{[%clk 01:30:03]} {[%emt 00:00:19]} 5. c3 {[%clk 01:31:13]} {[%emt 00:00:17]}
d6 {[%clk 01:30:21]} {[%emt 00:00:12]} 6. a4 {[%clk 01:31:18]} {[%emt
00:00:25]} a6 {[%clk 01:30:31]} {[%emt 00:00:21]} 7. b4 {[%clk 01:30:34]}
{[%emt 00:01:13]} Ba7 {[%clk 01:30:55]} {[%emt 00:00:06]} 8. O-O {[%clk
01:30:25]} {[%emt 00:00:39]} O-O {[%clk 01:29:52]} {[%emt 00:00:16]} 9. Be3
{[%clk 01:24:57]} {[%emt 00:07:15]} Nd7 {[%clk 01:29:36]} {[%emt 00:00:46]} 10.
Nbd2 {[%clk 01:07:59]} {[%emt 00:17:27]} Nb6 {[%clk 01:18:40]} {[%emt
00:11:27]} 11. Bb3 {[%clk 01:03:38]} {[%emt 00:04:51]} Be6 {[%clk 01:18:11]}
{[%emt 00:00:59]} 12. Bg5 {[%clk 00:43:36]} {[%emt 00:20:32]} Qd7 {[%clk
01:13:59]} {[%emt 00:04:41]} 13. Kh1 {[%clk 00:39:50]} {[%emt 00:04:17]} d5
{[%clk 01:12:59]} {[%emt 00:01:30]} 14. b5 {[%clk 00:37:30]} {[%emt 00:02:50]}
Na5 {[%clk 01:12:40]} {[%emt 00:00:47]} 15. bxa6 {[%clk 00:34:00]} {[%emt
00:04:02]} bxa6 {[%clk 01:11:30]} {[%emt 00:01:39]} 16. Nxe5 {[%clk 00:24:05]}
{[%emt 00:10:26]} Qd6 {[%clk 01:10:43]} {[%emt 00:01:16]} 17. Bf4 {[%clk
00:24:10]} {[%emt 00:00:26]} Qc5 {[%clk 01:07:03]} {[%emt 00:04:03]} 18. exd5
{[%clk 00:20:26]} {[%emt 00:04:21]} Nxb3 {[%clk 01:04:20]} {[%emt 00:03:14]}
19. Nxb3 {[%clk 00:17:26]} {[%emt 00:03:29]} Qxd5 {[%clk 01:04:31]} {[%emt
00:00:19]} 20. c4 {[%clk 00:17:22]} {[%emt 00:00:34]} Qb7 {[%clk 01:00:03]}
{[%emt 00:04:57]} 21. Nc5 {[%clk 00:12:04]} {[%emt 00:05:49]} Qc8 {[%clk
01:00:24]} {[%emt 00:00:08]} 22. Nxe6 {[%clk 00:11:16]} {[%emt 00:01:18]} Qxe6
{[%clk 00:59:31]} {[%emt 00:01:23]} 23. Qg4 {[%clk 00:10:27]} {[%emt 00:01:19]}
Rad8 {[%clk 00:57:28]} {[%emt 00:02:31]} 24. Qxe6 {[%clk 00:10:14]} {[%emt
00:00:46]} fxe6 {[%clk 00:56:56]} {[%emt 00:01:02]} 25. Bg5 {[%clk 00:10:39]}
{[%emt 00:00:05]} Rd6 {[%clk 00:56:37]} {[%emt 00:00:48]} 26. Be7 {[%clk
00:10:55]} {[%emt 00:00:14]} Re8 {[%clk 00:55:08]} {[%emt 00:02:00]} 27. Bxd6
{[%clk 00:10:58]} {[%emt 00:00:27]} cxd6 {[%clk 00:55:31]} {[%emt 00:00:06]}
28. Nc6 {[%clk 00:11:12]} {[%emt 00:00:16]} Nc8 {[%clk 00:55:54]} {[%emt
00:00:08]} 29. Nxa7 {[%clk 00:11:36]} {[%emt 00:00:06]} Nxa7 {[%clk 00:55:43]}
{[%emt 00:00:41]} 30. Rab1 {[%clk 00:11:49]} {[%emt 00:00:16]} a5 {[%clk
00:52:25]} {[%emt 00:03:48]} 31. Rb6 {[%clk 00:11:49]} {[%emt 00:00:30]} Rd8
{[%clk 00:51:10]} {[%emt 00:01:45]} 1-0